| 000 | 00724nam a2200265Ia 4500 | ||
|---|---|---|---|
| 003 | OSt | ||
| 005 | 20220912151227.0 | ||
| 006 | a|||||r|||| 00| 0 | ||
| 007 | ta | ||
| 008 | 220909b |||||||| |||| 00| 0 eng d | ||
| 024 | _a46298 | ||
| 037 | _cTextual | ||
| 040 |
_aCSL _beng _cCSL |
||
| 041 | _aeng | ||
| 082 | _aE5z7, M0,A | ||
| 100 | _aBuncel E Ed. | ||
| 245 | 0 | _aComprehensive carbonion chemistry | |
| 260 |
_aAmsterdam _bElsevier Scientific Publishing _c1980 |
||
| 300 |
_avii, 400p. _ccm. |
||
| 490 | _aStudies in organic chemistry; 5 | ||
| 650 | _aOrganic chemistry | ||
| 700 | _a Durst T Ed. | ||
| 942 |
_hE5z7, M0,A _cTEXL _2CC |
||
| 999 |
_c64025 _d64025 |
||